[Event "Speed Chess GP1"]
[Site "Chess.com INT"]
[Date "2021.09.18"]
[Round "4"]
[White "Glavina, Pablo"]
[Black "Preotu, Razvan"]
[Result "1-0"]
[WhiteElo "2404"]
[BlackElo "2485"]
[WhiteFideId "-1"]
[WhiteFideId "-1"]
[PlyCount "47"]
[GameId "1694855258648576"]
[EventDate "2021.09.18"]
[EventType "swiss (blitz)"]
[EventRounds "10"]
[EventCountry "USA"]
[SourceTitle "CBM 204 Extra"]
[Source "ChessBase"]
[SourceDate "2021.11.30"]
[SourceVersion "1"]
[SourceVersionDate "2021.11.30"]
[SourceQuality "1"]

1. Nf3 c5 2. e4 d6 3. d4 cxd4 4. Nxd4 Nf6 5. Nc3 a6 6. Bc4 e6 7. a4 Be7 8. O-O O-O 9. Be3 Nxe4 10. Nxe4 d5 11. Bd3 dxe4 12. Bxe4 Nd7 13. c3 Nf6 14. Bc2 Qc7 15. a5 g6 16. Re1 e5 17. Nf3 Ng4 18. Bb6 Qc6 19. h3 Nf6 20. Nxe5 Qd6 21. Qxd6 Bxd6 22. Nc4 Bb8 23. Bd4 Nd5 24. Be4 1-0

[Event "Speed Chess GP1"]
[Site "Chess.com INT"]
[Date "2021.09.18"]
[Round "8"]
[White "Preotu, Razvan"]
[Black "Guliev, Logman"]
[Result "0-1"]
[WhiteElo "2485"]
[BlackElo "2273"]
[WhiteFideId "-1"]
[WhiteFideId "-1"]
[PlyCount "52"]
[GameId "1694855259615232"]
[EventDate "2021.09.18"]
[EventType "swiss (blitz)"]
[EventRounds "10"]
[EventCountry "USA"]
[SourceTitle "CBM 204 Extra"]
[Source "ChessBase"]
[SourceDate "2021.11.30"]
[SourceVersion "1"]
[SourceVersionDate "2021.11.30"]
[SourceQuality "1"]

1. e4 c5 2. Nf3 d6 3. d4 cxd4 4. Nxd4 Nf6 5. Nc3 a6 6. h3 e6 7. g4 d5 8. Nde2 Bb4 9. exd5 Nxd5 10. Bg2 O-O 11. Bd2 Nxc3 12. Bxc3 Bxc3+ 13. Nxc3 Qb6 14. Qc1 Bd7 15. Qe3 Qxe3+ 16. fxe3 Bc6 17. Kf2 Bxg2 18. Kxg2 Nc6 19. Rhd1 Rfd8 20. Ne4 Nb4 21. Kf3 Nxc2 22. Rac1 Nb4 23. Rxd8+ Rxd8 24. Rc7 b5 25. a3 Nd3 26. Rc2 Ne1+ 0-1

[Event "Speed Chess GP1"]
[Site "Chess.com INT"]
[Date "2021.09.18"]
[Round "9"]
[White "Vargas, Gabriela"]
[Black "Preotu, Razvan"]
[Result "0-1"]
[WhiteElo "2152"]
[BlackElo "2485"]
[WhiteFideId "-1"]
[WhiteFideId "-1"]
[PlyCount "70"]
[GameId "1694855259869184"]
[EventDate "2021.09.18"]
[EventType "swiss (blitz)"]
[EventRounds "10"]
[EventCountry "USA"]
[SourceTitle "CBM 204 Extra"]
[Source "ChessBase"]
[SourceDate "2021.11.30"]
[SourceVersion "1"]
[SourceVersionDate "2021.11.30"]
[SourceQuality "1"]

1. d4 Nf6 2. Nf3 g6 3. Bg5 Bg7 4. c3 O-O 5. Nbd2 d6 6. e4 c5 7. dxc5 dxc5 8. Bc4 Nc6 9. Qe2 Qc7 10. O-O Na5 11. Bd3 h6 12. Bh4 Nh5 13. Qe3 c4 14. Bc2 e5 15. Rfd1 Be6 16. Nf1 b5 17. Bg3 Nxg3 18. hxg3 Rab8 19. a3 Rfd8 20. Qe2 Qc6 21. Ne3 Nb3 22. Bxb3 cxb3 23. Nd2 a5 24. f3 Bf8 25. Ndf1 Bc5 26. Kh2 Kg7 27. Rxd8 Rxd8 28. Rd1 Rxd1 29. Qxd1 b4 30. axb4 axb4 31. Nd5 bxc3 32. Qxb3 c2 33. Qc3 Bg1+ 34. Kxg1 Qxc3 35. Nxc3 c1=Q 0-1

[Event "Speed Chess GP1"]
[Site "Chess.com INT"]
[Date "2021.09.18"]
[Round "10"]
[White "Preotu, Razvan"]
[Black "Ibarra Jerez, Jose Carlos"]
[Result "0-1"]
[WhiteElo "2485"]
[BlackElo "2558"]
[WhiteFideId "-1"]
[WhiteFideId "-1"]
[PlyCount "30"]
[GameId "1694855260016640"]
[EventDate "2021.09.18"]
[EventType "swiss (blitz)"]
[EventRounds "10"]
[EventCountry "USA"]
[SourceTitle "CBM 204 Extra"]
[Source "ChessBase"]
[SourceDate "2021.11.30"]
[SourceVersion "1"]
[SourceVersionDate "2021.11.30"]
[SourceQuality "1"]

1. e4 c5 2. Nf3 Nf6 3. e5 Nd5 4. Nc3 e6 5. Ne4 Nc6 6. c4 f5 7. Nxc5 Bxc5 8. cxd5 Nd4 9. b4 Nxf3+ 10. Qxf3 Bd4 11. Rb1 Bxe5 12. Bc4 O-O 13. O-O Qh4 14. Re1 Bxh2+ 15. Kh1 Bd6+ 0-1

[Event "Speed Chess GP1"]
[Site "chess.com INT"]
[Date "2021.09.18"]
[Round "1"]
[White "Marn, Jan"]
[Black "Preotu, Razvan"]
[Result "0-1"]
[WhiteElo "2238"]
[BlackElo "2485"]
[WhiteFideId "-1"]
[WhiteFideId "-1"]
[PlyCount "58"]
[GameId "2130307583303861"]
[EventDate "2021.09.18"]
[EventType "swiss (blitz)"]
[EventRounds "10"]
[EventCountry "NET"]
[SourceTitle "The Week in Chess 1402"]
[Source "Mark Crowther"]
[SourceDate "2021.09.20"]
[SourceVersion "1"]
[SourceVersionDate "2021.09.20"]
[SourceQuality "2"]

1. d4 Nf6 2. c4 g6 3. Nc3 d5 4. cxd5 Nxd5 5. e4 Nxc3 6. bxc3 Bg7 7. Nf3 c5 8. Bb5+ Nc6 9. d5 Qa5 10. Rb1 a6 11. Bxc6+ bxc6 12. dxc6 Qxc3+ 13. Bd2 Qd3 14. c7 O-O 15. Rb3 Qxe4+ 16. Re3 Qc6 17. Ba5 Qb5 18. Qd2 Bf5 19. Re2 Bd3 20. Re3 c4 21. Rxd3 cxd3 22. O-O e5 23. Ng5 Qd5 24. f3 f5 25. Rc1 h6 26. Nh3 e4 27. fxe4 fxe4 28. Nf4 Qd4+ 29. Kh1 e3 0-1

[Event "Speed Chess GP1"]
[Site "chess.com INT"]
[Date "2021.09.18"]
[Round "5"]
[White "Preotu, Razvan"]
[Black "Sviridova, Vlada"]
[Result "1-0"]
[WhiteElo "2485"]
[BlackElo "2144"]
[WhiteFideId "-1"]
[WhiteFideId "-1"]
[PlyCount "137"]
[GameId "2130307583308058"]
[EventDate "2021.09.18"]
[EventType "swiss (blitz)"]
[EventRounds "10"]
[EventCountry "NET"]
[SourceTitle "The Week in Chess 1402"]
[Source "Mark Crowther"]
[SourceDate "2021.09.20"]
[SourceVersion "1"]
[SourceVersionDate "2021.09.20"]
[SourceQuality "2"]

1. e4 e6 2. d4 d5 3. Nc3 Bb4 4. e5 c5 5. a3 Bxc3+ 6. bxc3 Ne7 7. h4 Qc7 8. Rb1 b6 9. h5 h6 10. Bb5+ Bd7 11. Bd3 c4 12. Be2 Ba4 13. Qd2 Nbc6 14. Bd1 O-O-O 15. f4 Nf5 16. Rh3 Rdg8 17. Nf3 Nfe7 18. Qf2 g6 19. Nh2 gxh5 20. Bxh5 Rg7 21. g4 Rhg8 22. Be3 Kb7 23. Kd2 a5 24. Qe2 Na7 25. Rf1 Nb5 26. Ra1 Qd7 27. Bf2 Nc6 28. Bh4 Nc7 29. Bf6 Rh7 30. Nf1 Ne8 31. Bh4 Na7 32. Ne3 Nb5 33. f5 exf5 34. gxf5 Rhg7 35. Rf3 Rg1 36. Rxg1 Rxg1 37. Rf1 Rxf1 38. Qxf1 Nxa3 39. Qg2 Bc6 40. Qg8 Nb1+ 41. Ke1 Nxc3 42. Bxf7 a4 43. e6 Qc8 44. Bxe8 Qxe8 45. Qxe8 Bxe8 46. Be7 Ne4 47. Kd1 h5 48. f6 a3 49. Kc1 c3 50. Kb1 Ng5 51. f7 Nxf7 52. exf7 Bxf7 53. Ka2 Kc6 54. Bh4 Kd7 55. Kxa3 Ke6 56. Kb4 Bg6 57. Kxc3 Be4 58. Kd2 b5 59. c3 Kf7 60. Ke1 Ke6 61. Kf2 Kf7 62. Kg3 Kg6 63. Kf4 Kf7 64. Ke5 Kg6 65. Nxd5 Bxd5 66. Kxd5 Kf5 67. Kc5 Kg4 68. Be7 h4 69. Bxh4 1-0

[Event "Speed Chess GP1"]
[Site "chess.com INT"]
[Date "2021.09.18"]
[Round "6"]
[White "Dushyant, Sharma"]
[Black "Preotu, Razvan"]
[Result "1-0"]
[WhiteElo "2332"]
[BlackElo "2485"]
[WhiteFideId "-1"]
[WhiteFideId "-1"]
[PlyCount "83"]
[GameId "2130307583308071"]
[EventDate "2021.09.18"]
[EventType "swiss (blitz)"]
[EventRounds "10"]
[EventCountry "NET"]
[SourceTitle "The Week in Chess 1402"]
[Source "Mark Crowther"]
[SourceDate "2021.09.20"]
[SourceVersion "1"]
[SourceVersionDate "2021.09.20"]
[SourceQuality "2"]

1. e4 c5 2. Nf3 d6 3. d4 cxd4 4. Nxd4 Nf6 5. Nc3 a6 6. f4 e5 7. Nf3 Qc7 8. Bd3 b5 9. O-O Nbd7 10. Kh1 Be7 11. a3 O-O 12. Qe1 Re8 13. Bd2 Nc5 14. b4 Nxd3 15. cxd3 Bd8 16. Rc1 Qd7 17. Nh4 exf4 18. Nf5 d5 19. Bxf4 dxe4 20. dxe4 Bb7 21. Qg3 g6 22. Nh6+ Kg7 23. e5 Nh5 24. Qf2 Re6 25. Ng4 Bb6 26. Bh6+ Kg8 27. Qh4 Qd8 28. Bg5 Qd3 29. Nh6+ Kh8 30. Nxf7+ Kg7 31. Nd6 Rxd6 32. exd6 Qxd6 33. Rcd1 Qc6 34. Nd5 Re8 35. Qh3 Ba7 36. Nf6 Nxf6 37. Bxf6+ Kg8 38. Bb2 Re2 39. Rd8+ Re8 40. Rd7 h5 41. Qb3+ Qe6 42. Qxe6+ 1-0

[Event "Speed Chess GP1"]
[Site "chess.com INT"]
[Date "2021.09.18"]
[Round "7"]
[White "Preotu, Razvan"]
[Black "Baches Garcia, Guillermo"]
[Result "1-0"]
[WhiteElo "2485"]
[BlackElo "2329"]
[WhiteFideId "-1"]
[WhiteFideId "-1"]
[PlyCount "53"]
[GameId "2130307583308094"]
[EventDate "2021.09.18"]
[EventType "swiss (blitz)"]
[EventRounds "10"]
[EventCountry "NET"]
[SourceTitle "The Week in Chess 1402"]
[Source "Mark Crowther"]
[SourceDate "2021.09.20"]
[SourceVersion "1"]
[SourceVersionDate "2021.09.20"]
[SourceQuality "2"]

1. e4 c5 2. Nf3 d6 3. d4 cxd4 4. Nxd4 Nf6 5. Nc3 Nc6 6. Bg5 e6 7. Qd2 h6 8. Bxf6 gxf6 9. O-O-O a6 10. f4 Bd7 11. f5 Qb6 12. Nde2 Ne5 13. Nf4 h5 14. g3 Rc8 15. Be2 h4 16. Kb1 Nc4 17. Bxc4 Rxc4 18. Rhe1 Qa5 19. fxe6 fxe6 20. Ng6 Rg8 21. Nxf8 Rxf8 22. Qxd6 Rf7 23. e5 f5 24. Nd5 Rc6 25. Nf6+ Kd8 26. Qb8+ Rc8 27. Qxb7 1-0

[Event "Olympiad Top DivD"]
[Site "chess.com INT"]
[Date "2021.09.09"]
[Round "6.3"]
[White "Preotu, Razvan"]
[Black "Ozen, Deniz"]
[Result "0-1"]
[WhiteElo "2485"]
[BlackElo "2397"]
[WhiteFideId "-1"]
[WhiteFideId "-1"]
[PlyCount "86"]
[GameId "2130307583617331"]
[EventDate "2021.09.08"]
[EventType "team (rapid)"]
[EventRounds "9"]
[EventCountry "NET"]
[SourceTitle "The Week in Chess 1401"]
[Source "Mark Crowther"]
[SourceDate "2021.09.13"]
[SourceVersion "1"]
[SourceVersionDate "2021.09.13"]
[SourceQuality "2"]
[WhiteTeam "Canada"]
[BlackTeam "Turkey"]
[WhiteTeamCountry "CAN"]
[BlackTeamCountry "TUR"]

1. e4 e5 2. Nf3 Nf6 3. d4 Nxe4 4. Bd3 Nc6 5. Nxe5 d5 6. Nxc6 bxc6 7. O-O Bd6 8. c4 O-O 9. c5 Be7 10. Nc3 f5 11. Ne2 Bf6 12. f3 Ng5 13. Bxg5 Bxg5 14. f4 Bf6 15. Qa4 Bd7 16. Rae1 Re8 17. Ng3 g6 18. Re5 Bxe5 19. dxe5 Qe7 20. Qa5 Be6 21. Ne2 d4 22. Nxd4 Bd5 23. Nc2 g5 24. fxg5 Qxg5 25. Rf2 Rxe5 26. Qxc7 Rae8 27. Bf1 f4 28. Nb4 Be4 29. Nd3 Bxd3 30. Bxd3 Re1+ 31. Bf1 Qxc5 32. Qxf4 Rf8 33. Qg3+ Kh8 34. Qc3+ Qxc3 35. Rxf8+ Kg7 36. bxc3 Kxf8 37. Kf2 Rc1 38. Bd3 Kg7 39. c4 Ra1 40. Be4 Rxa2+ 41. Ke3 c5 42. Kf4 a5 43. Ke5 a4 0-1

[Event "Olympiad Top DivD"]
[Site "chess.com INT"]
[Date "2021.09.10"]
[Round "7.3"]
[White "Cruz, Cristhian"]
[Black "Preotu, Razvan"]
[Result "1/2-1/2"]
[WhiteElo "2581"]
[BlackElo "2485"]
[WhiteFideId "-1"]
[WhiteFideId "-1"]
[PlyCount "87"]
[GameId "2130307583617343"]
[EventDate "2021.09.08"]
[EventType "team (rapid)"]
[EventRounds "9"]
[EventCountry "NET"]
[SourceTitle "The Week in Chess 1401"]
[Source "Mark Crowther"]
[SourceDate "2021.09.13"]
[SourceVersion "1"]
[SourceVersionDate "2021.09.13"]
[SourceQuality "2"]
[WhiteTeam "Peru"]
[BlackTeam "Canada"]
[WhiteTeamCountry "PER"]
[BlackTeamCountry "CAN"]

1. c4 c5 2. Nc3 Nc6 3. g3 g6 4. Bg2 Bg7 5. Nf3 e5 6. O-O d6 7. a3 a5 8. Ne1 Be6 9. d3 Nge7 10. Nc2 d5 11. cxd5 Nxd5 12. Ne3 Nb6 13. Na4 Nxa4 14. Bxc6+ bxc6 15. Qxa4 O-O 16. Bd2 Qb6 17. Bc3 Qb5 18. Qh4 a4 19. f4 exf4 20. gxf4 Bd4 21. Bxd4 cxd4 22. f5 dxe3 23. fxe6 fxe6 24. Qe7 Qe5 25. Rac1 Rf2 26. Rxf2 exf2+ 27. Kxf2 Qf4+ 28. Kg2 Qg4+ 29. Kf2 Qf4+ 30. Kg2 Qe3 31. Rf1 Qxe2+ 32. Rf2 Qe5 33. d4 Qxd4 34. Qxe6+ Kh8 35. Qxc6 Rd8 36. Qf6+ Qxf6 37. Rxf6 Rd2+ 38. Kg1 Rxb2 39. Rf4 Kg7 40. Rxa4 Kf6 41. Rc4 Ra2 42. a4 g5 43. h4 gxh4 44. Rxh4 1/2-1/2

[Event "Olympiad Top DivD"]
[Site "chess.com INT"]
[Date "2021.09.10"]
[Round "8.4"]
[White "Preotu, Razvan"]
[Black "Fernandez de la Vara, Arnaldo"]
[Result "1/2-1/2"]
[WhiteElo "2485"]
[BlackElo "2485"]
[WhiteFideId "-1"]
[WhiteFideId "-1"]
[PlyCount "114"]
[GameId "2130307583617364"]
[EventDate "2021.09.08"]
[EventType "team (rapid)"]
[EventRounds "9"]
[EventCountry "NET"]
[SourceTitle "The Week in Chess 1401"]
[Source "Mark Crowther"]
[SourceDate "2021.09.13"]
[SourceVersion "1"]
[SourceVersionDate "2021.09.13"]
[SourceQuality "2"]
[WhiteTeam "Canada"]
[BlackTeam "Cuba"]
[WhiteTeamCountry "CAN"]
[BlackTeamCountry "CUB"]

1. e4 c5 2. Nf3 a6 3. c3 d5 4. e5 d4 5. b4 Nc6 6. bxc5 Bg4 7. cxd4 Bxf3 8. Qxf3 Qxd4 9. Qc3 e6 10. Qxd4 Nxd4 11. Kd1 Bxc5 12. Nc3 Nh6 13. Ne4 Be7 14. Bb2 O-O-O 15. f4 Nc6 16. Rc1 Kc7 17. Bc4 Nf5 18. Ke2 b5 19. Bd3 Kb6 20. Bb1 Na5 21. Bc3 Rd7 22. Bxa5+ Kxa5 23. Nc5 Bxc5 24. Rxc5 Rhd8 25. Rd1 Kb6 26. Rc3 Nd4+ 27. Ke3 Nc6 28. Be4 Nb4 29. d3 Rc7 30. Rxc7 Kxc7 31. Rc1+ Kb6 32. a3 Nd5+ 33. Bxd5 Rxd5 34. Rc8 Rd7 35. g4 a5 36. f5 b4 37. axb4 axb4 38. fxe6 fxe6 39. Re8 b3 40. Rxe6+ Kc5 41. Kd2 b2 42. Kc2 Rxd3 43. Kxb2 Rd2+ 44. Kc3 Rxh2 45. Re7 g6 46. Kd3 Kd5 47. Ke3 g5 48. Kf3 h6 49. e6 Rh3+ 50. Kf2 Rh2+ 51. Kf3 Kd6 52. Re8 Rh1 53. Kf2 Rh2+ 54. Kf3 Rh3+ 55. Ke4 Rg3 56. Kf5 Rf3+ 57. Kg6 Rf4 1/2-1/2

[Event "Online Olym Div Top-D"]
[Site "Chess.com INT"]
[Date "2021.09.08"]
[Round "1.5"]
[White "Preotu, Razvan"]
[Black "Swiercz, Dariusz"]
[Result "1/2-1/2"]
[WhiteElo "2485"]
[BlackElo "2647"]
[WhiteFideId "-1"]
[WhiteFideId "-1"]
[PlyCount "74"]
[GameId "1692343244013568"]
[EventDate "2021.09.08"]
[EventType "team (rapid)"]
[EventRounds "9"]
[EventCountry "USA"]
[SourceTitle "CBM 204 Extra"]
[Source "ChessBase"]
[SourceDate "2021.11.30"]
[SourceVersion "1"]
[SourceVersionDate "2021.11.30"]
[SourceQuality "1"]
[WhiteTeam "Canada"]
[BlackTeam "United States"]
[WhiteTeamCountry "CAN"]
[BlackTeamCountry "USA"]

1. e4 e5 2. Nf3 Nc6 3. Bc4 Bc5 4. c3 Nf6 5. d3 d6 6. O-O a6 7. a4 h6 8. Re1 O-O 9. h3 Ba7 10. b4 Ne7 11. Nbd2 Ng6 12. Nf1 Be6 13. Bxe6 fxe6 14. Be3 Bxe3 15. Nxe3 Qe7 16. g3 Rf7 17. Ra2 Raf8 18. Nh2 d5 19. Neg4 Nd7 20. h4 Qd6 21. h5 Ne7 22. Qb3 Nc6 23. b5 Na5 24. Qb4 Qb6 25. exd5 exd5 26. bxa6 Qxa6 27. Qb5 Qxb5 28. axb5 Nb3 29. Nxe5 Nxe5 30. Rxe5 Nc1 31. Rd2 Rxf2 32. Rxf2 Rxf2 33. Rxd5 Rd2 34. Rd8+ Kh7 35. Nf3 Rxd3 36. Rxd3 Nxd3 37. Kf1 g6 1/2-1/2

[Event "Online Olym Div Top-D"]
[Site "Chess.com INT"]
[Date "2021.09.08"]
[Round "2.1"]
[White "Preotu, Razvan"]
[Black "Barrientos Chavarriaga, Sergio"]
[Result "1-0"]
[WhiteElo "2485"]
[BlackElo "2475"]
[WhiteFideId "-1"]
[WhiteFideId "-1"]
[PlyCount "89"]
[GameId "1692343244038144"]
[EventDate "2021.09.08"]
[EventType "team (rapid)"]
[EventRounds "9"]
[EventCountry "USA"]
[SourceTitle "CBM 204 Extra"]
[Source "ChessBase"]
[SourceDate "2021.11.30"]
[SourceVersion "1"]
[SourceVersionDate "2021.11.30"]
[SourceQuality "1"]
[WhiteTeam "Canada"]
[BlackTeam "Colombia"]
[WhiteTeamCountry "CAN"]
[BlackTeamCountry "COL"]

1. e4 c6 2. Nc3 d5 3. Nf3 dxe4 4. Nxe4 Nf6 5. Qe2 Bg4 6. Nxf6+ gxf6 7. h3 Bh5 8. d3 Nd7 9. g4 Bg6 10. Bg2 e6 11. Nh4 f5 12. Nxf5 Bxf5 13. gxf5 Qa5+ 14. Bd2 Qxf5 15. b4 Nf6 16. Rb1 a6 17. a4 Rg8 18. Bf3 Bd6 19. c4 Ke7 20. Bc3 Nd7 21. Be4 Qf4 22. Bxh7 Rg5 23. Bd2 Qf6 24. Bxg5 Qxg5 25. Be4 a5 26. b5 Bb4+ 27. Kf1 Nc5 28. bxc6 bxc6 29. Bxc6 Rd8 30. Rd1 Nb3 31. Qe3 Qf6 32. h4 Bc5 33. Qg5 Nd4 34. Qxc5+ Rd6 35. Rb1 Nf5 36. Rg1 Qc3 37. Be4 Qc2 38. Rb7+ Kf6 39. Bxf5 Rxd3 40. Rxf7+ Kxf7 41. Qc7+ Kf6 42. Qg7+ Kxf5 43. Rg5+ Ke4 44. Qe5+ Kf3 45. Rg3# 1-0

[Event "Online Olym Div Top-D"]
[Site "Chess.com INT"]
[Date "2021.09.08"]
[Round "3.5"]
[White "El Debs, Felipe de Cresce"]
[Black "Preotu, Razvan"]
[Result "1/2-1/2"]
[WhiteElo "2553"]
[BlackElo "2485"]
[WhiteFideId "-1"]
[WhiteFideId "-1"]
[PlyCount "88"]
[GameId "1692343244259328"]
[EventDate "2021.09.08"]
[EventType "team (rapid)"]
[EventRounds "9"]
[EventCountry "USA"]
[SourceTitle "CBM 204 Extra"]
[Source "ChessBase"]
[SourceDate "2021.11.30"]
[SourceVersion "1"]
[SourceVersionDate "2021.11.30"]
[SourceQuality "1"]
[WhiteTeam "Brazil"]
[BlackTeam "Canada"]
[WhiteTeamCountry "BRA"]
[BlackTeamCountry "CAN"]

1. d4 Nf6 2. c4 g6 3. Nc3 d5 4. cxd5 Nxd5 5. e4 Nxc3 6. bxc3 Bg7 7. Qa4+ Qd7 8. Qb3 O-O 9. Nf3 c5 10. d5 Qd6 11. Be2 Bg4 12. O-O Nd7 13. Rb1 Ne5 14. c4 f5 15. Bb2 fxe4 16. Nxe5 Bxe2 17. Rfe1 Bxe5 18. Bxe5 Qxe5 19. Rxe2 e6 20. dxe6 b6 21. Rbe1 Qxe6 22. Rxe4 Qf6 23. Qe3 Rad8 24. h3 Kg7 25. Re6 Qd4 26. Re7+ Rf7 27. Rxf7+ Kxf7 28. Qe7+ Kg8 29. Qxa7 Rf8 30. Rf1 Qxc4 31. Qxb6 Qxa2 32. Qxc5 Qe2 33. Qd5+ Rf7 34. Qd8+ Rf8 35. Qd4 Qe6 36. Rb1 Qf6 37. Qd5+ Rf7 38. Qa2 Kg7 39. Re1 Qd4 40. Qe2 Qf6 41. g3 Qd4 42. Rd1 Rxf2 43. Qe7+ Rf7+ 44. Rxd4 Rxe7 1/2-1/2

[Event "Online Olym Div Top-D"]
[Site "Chess.com INT"]
[Date "2021.09.09"]
[Round "4.2"]
[White "Preotu, Razvan"]
[Black "Van den Doel, Erik"]
[Result "1-0"]
[WhiteElo "2485"]
[BlackElo "2599"]
[WhiteFideId "-1"]
[WhiteFideId "-1"]
[PlyCount "160"]
[GameId "1692343244308480"]
[EventDate "2021.09.08"]
[EventType "team (rapid)"]
[EventRounds "9"]
[EventCountry "USA"]
[SourceTitle "CBM 204 Extra"]
[Source "ChessBase"]
[SourceDate "2021.11.30"]
[SourceVersion "1"]
[SourceVersionDate "2021.11.30"]
[SourceQuality "1"]
[WhiteTeam "Canada"]
[BlackTeam "Netherlands"]
[WhiteTeamCountry "CAN"]
[BlackTeamCountry "NED"]

1. e4 e5 2. Nf3 Nc6 3. Bc4 Bc5 4. c3 Nf6 5. d3 a6 6. O-O d6 7. a4 h6 8. Re1 O-O 9. h3 Ba7 10. b4 Re8 11. Nbd2 Be6 12. Bxe6 Rxe6 13. Qc2 Qd7 14. Rb1 Rd8 15. b5 Ne7 16. Nc4 Ng6 17. bxa6 bxa6 18. Rb7 Bc5 19. d4 Qc8 20. Rb1 Ba7 21. d5 Ree8 22. Na5 Ne7 23. Qd3 c6 24. Rb7 cxd5 25. Rxa7 dxe4 26. Qxa6 exf3 27. Qxc8 Rxc8 28. Ba3 fxg2 29. Nb7 Ra8 30. Rxa8 Rxa8 31. Bxd6 Nf5 32. Kxg2 Ra7 33. Rb1 Rxa4 34. Bxe5 Ne4 35. Rb4 Nh4+ 36. Kf1 Ra1+ 37. Ke2 Ra2+ 38. Ke3 f5 39. f3 Ng2+ 40. Kd4 Rd2+ 41. Kc4 Ne3+ 42. Kb3 Ng5 43. Nd6 Rd1 44. Bd4 Nd5 45. Rb5 Rb1+ 46. Kc4 Rxb5 47. Kxb5 Nxf3 48. Nxf5 Nxd4+ 49. cxd4 Kf7 50. Kc6 Nb4+ 51. Kd6 Kf6 52. Ne3 g5 53. Ng4+ Kg6 54. Ke6 h5 55. Ne5+ Kg7 56. d5 g4 57. h4 g3 58. d6 Nc6 59. Nxc6 g2 60. d7 g1=Q 61. d8=Q Qg4+ 62. Kd6 Qf4+ 63. Kd7 Qf5+ 64. Kc7 Qf4+ 65. Kc8 Qg4+ 66. Kb7 Qf3 67. Qg5+ Kf7 68. Kc7 Qe2 69. Ne5+ Ke6 70. Nc6 Qh2+ 71. Kc8 Qc2 72. Kc7 Qh2+ 73. Kb7 Qb2+ 74. Kc8 Qc2 75. Qh6+ Kd5 76. Kc7 Qh2+ 77. Kd7 Qxh4 78. Qd6+ Kc4 79. Qb4+ Kd5 80. Qxh4 Kc5 1-0

[Event "Online Olym Div Top-D"]
[Site "Chess.com INT"]
[Date "2021.09.09"]
[Round "5.4"]
[White "Jones, Gawain"]
[Black "Preotu, Razvan"]
[Result "0-1"]
[WhiteElo "2684"]
[BlackElo "2485"]
[WhiteFideId "-1"]
[WhiteFideId "-1"]
[PlyCount "112"]
[GameId "1692343244480512"]
[EventDate "2021.09.08"]
[EventType "team (rapid)"]
[EventRounds "9"]
[EventCountry "USA"]
[SourceTitle "CBM 204 Extra"]
[Source "ChessBase"]
[SourceDate "2021.11.30"]
[SourceVersion "1"]
[SourceVersionDate "2021.11.30"]
[SourceQuality "1"]
[WhiteTeam "England"]
[BlackTeam "Canada"]
[WhiteTeamCountry "ENG"]
[BlackTeamCountry "CAN"]

1. e4 c5 2. Nc3 d6 3. Bb5+ Bd7 4. Bxd7+ Qxd7 5. d4 cxd4 6. Qxd4 Nc6 7. Qd3 g6 8. Nf3 Bg7 9. O-O Nf6 10. Nd5 O-O 11. Bg5 Nxd5 12. exd5 Ne5 13. Nxe5 Bxe5 14. c3 b5 15. Rae1 Rfc8 16. Re3 Rc4 17. f4 Bf6 18. Bxf6 exf6 19. b3 Rc5 20. f5 Re8 21. fxg6 hxg6 22. Rg3 Qe7 23. h4 Qe4 24. h5 Qxd3 25. Rxd3 f5 26. g4 Re5 27. gxf5 gxh5 28. Rg3+ Kf8 29. Rh3 Rcxd5 30. Rxh5 Ke7 31. Rh8 Kf6 32. Ra8 Re2 33. Rf2 Rxf2 34. Kxf2 Rd2+ 35. Ke3 Rxa2 36. Ke4 Ra3 37. Rd8 Ke7 38. Ra8 a5 39. Ra7+ Kf6 40. Rd7 Rxb3 41. Rxd6+ Kg5 42. Rd7 Rxc3 43. Rxf7 a4 44. Ke5 Re3+ 45. Kd4 Re1 46. Rb7 a3 47. Ra7 b4 48. Ra4 Kxf5 49. Kd3 b3 50. Ra5+ Kf4 51. Ra4+ Ke5 52. Kd2 b2 53. Ra5+ Kd6 54. Ra6+ Kc7 55. Rxa3 b1=Q 56. Rc3+ Kb7 0-1

[Event "Online Olym Div Top-D"]
[Site "Chess.com INT"]
[Date "2021.09.10"]
[Round "9.2"]
[White "Wojtaszek, Radoslaw"]
[Black "Preotu, Razvan"]
[Result "0-1"]
[WhiteElo "2698"]
[BlackElo "2485"]
[WhiteFideId "-1"]
[WhiteFideId "-1"]
[PlyCount "62"]
[GameId "1692343244922880"]
[EventDate "2021.09.08"]
[EventType "team (rapid)"]
[EventRounds "9"]
[EventCountry "USA"]
[SourceTitle "CBM 204 Extra"]
[Source "ChessBase"]
[SourceDate "2021.11.30"]
[SourceVersion "1"]
[SourceVersionDate "2021.11.30"]
[SourceQuality "1"]
[WhiteTeam "Poland"]
[BlackTeam "Canada"]
[WhiteTeamCountry "POL"]
[BlackTeamCountry "CAN"]

1. e4 c5 2. Nf3 d6 3. Bb5+ Nd7 4. c3 Ngf6 5. Bd3 e6 6. O-O a6 7. Bc2 b5 8. d4 Bb7 9. Re1 Be7 10. Nbd2 Qc7 11. Nf1 O-O 12. Ng3 Rfc8 13. Bd3 b4 14. Bd2 cxd4 15. cxd4 d5 16. e5 Ne4 17. Nxe4 dxe4 18. Bxe4 Bxe4 19. Rxe4 Qc2 20. Re2 Qxd1+ 21. Rxd1 Rc2 22. Rb1 Nb6 23. Kf1 Nd5 24. Ke1 a5 25. Kd1 Rcc8 26. Rc1 a4 27. Rxc8+ Rxc8 28. Bc1 b3 29. axb3 a3 30. Ne1 a2 31. Nc2 Rxc2 0-1

[Event "Titled Tuesday 2021.07.27"]
[Site "Chess.com INT"]
[Date "2021.07.27"]
[Round "2"]
[White "Preotu, Razvan"]
[Black "Florescu, Codrut Constantin"]
[Result "0-1"]
[WhiteElo "2487"]
[BlackElo "2293"]
[WhiteFideId "-1"]
[WhiteFideId "-1"]
[PlyCount "86"]
[GameId "1677087818412032"]
[EventDate "2021.07.27"]
[EventType "swiss (blitz)"]
[EventRounds "11"]
[EventCountry "NET"]
[SourceTitle "CBM 203 Extra"]
[Source "ChessBase"]
[SourceDate "2021.09.30"]
[SourceVersion "1"]
[SourceVersionDate "2021.09.30"]
[SourceQuality "1"]

1. e4 c5 2. Nf3 e6 3. c3 Nf6 4. e5 Nd5 5. d4 cxd4 6. cxd4 d6 7. Bc4 Bd7 8. O-O Bc6 9. Nc3 Nxc3 10. bxc3 d5 11. Bd3 h6 12. Ne1 Nd7 13. Bd2 Nb6 14. Qg4 Nc4 15. Bxc4 dxc4 16. Nc2 h5 17. Qf4 g6 18. Rfd1 Rc8 19. a4 Qd5 20. Ne3 Qe4 21. Qxe4 Bxe4 22. a5 Be7 23. f3 Bd3 24. Bc1 Rd8 25. Ba3 Bxa3 26. Rxa3 Ke7 27. Ra4 Rc8 28. Rb4 Rhd8 29. Rxb7+ Rd7 30. Rb4 Rcc7 31. Rd2 Rb7 32. Rdb2 Rxb4 33. Rxb4 Rc7 34. d5 Rc5 35. Rb7+ Kf8 36. dxe6 fxe6 37. Rxa7 Rxe5 38. Kf2 Rb5 39. a6 h4 40. Ng4 Rb2+ 41. Ke3 Rxg2 42. Rb7 e5 43. a7 Re2# 0-1